000 00357nam a2200145Ia 4500
008 210716s1988 xx 000 0 und d
041 _aeng
082 _a005.3631 DUNJ
100 _aDuntemann, Jeff.
245 _aComplete turbo pascal.
250 _a1
260 _aNew Delhi
_bGalgotia Publications Pvt Ltd
_c1988
300 _axi,578
650 _aNone
999 _c180899
_d180899